Fakty a mýty globalizácie (vybrané aspekty)

Salvato in:
Dettagli Bibliografici
Autore principale: Staněk, Peter
Ente Autore: Ekonomická univerzita v Bratislave. Národohospodárska fakulta
Altri autori: Sivák, Rudolf, 1955-, Lisý, Ján
Natura: Libro
Lingua:slovacco
Pubblicazione: Bratislava Vydavateľstvo EKONÓM 2005
Soggetti:
Tags: Aggiungi Tag
Nessun Tag, puoi essere il primo ad aggiungerne!!

MARC

LEADER 00000nam$a2200000$$$4500
001 0029664
005 20240226122318.2
020 |a 80-225-2016-0 
041 0 |a slo 
044 |a SK 
245 1 0 |a Fakty a mýty globalizácie  |b (vybrané aspekty)  |c Peter Staněk 
264 1 |a Bratislava  |b Vydavateľstvo EKONÓM  |c 2005 
300 |a 319 s. [16 AH] 
610 2 0 |a globalizácia 
610 2 0 |a hospodárstvo svetové 
610 2 0 |a ekonomika tieňová 
610 2 0 |a zmeny klimatické 
610 2 0 |a politika sociálna 
610 2 0 |a trh práce 
610 2 0 |a pohyb kapitálu 
610 2 0 |a integrácia ekonomická medzinárodná 
610 2 0 |a financovanie podnikov 
610 2 0 |a korporácie transnacionálne 
610 2 0 |a investície 
610 2 0 |a veda 
610 2 0 |a výskum 
610 2 0 |a odvetvia priemyselné 
610 2 0 |a energetika 
610 2 0 |a reformy hospodárske 
610 2 0 |a politika regionálna 
610 2 0 |a doprava 
610 2 0 |a dane 
610 2 0 |a služby 
610 2 0 |a ekológia 
610 2 0 |a Európska únia 
100 1 |a Staněk, Peter 
700 1 |a Sivák, Rudolf, 1955- 
700 1 |a Lisý, Ján 
710 2 |a Ekonomická univerzita v Bratislave. Národohospodárska fakulta